000 00211nam a2200085Ia 4500
008 120527s9999 xx 000 0 und d
100 _aFalvell, H. John
245 _aThe development Psychology of jean
942 _cBK
999 _c27631
_d27631